Hungary National Team All-Time XI - Statistics

General Stats
  • This quiz has been taken 78 times
  • The average score is 4 of 13
Answer Stats
Position Period Player % Correct
FW 1945-56 Ferenc Puskás
98%
FW 1948-56 Sándor Kocsis
57%
FW 1948-53 László Kubala
44%
12th player 1945-58 Nándor Hidegkuti
43%
GK 1947-62 Gyula Grosics
40%
MF 1947-62 József Bozsik
33%
MF 1949-56 Zoltán Czibor
33%
DF 1949-55 Gyula Lóránt
21%
DF 1961-71 Kálmán Mészöly
21%
DF 1949-56 Mihály Lantos
19%
Coach 1949-57 Gusztáv Sebes
17%
MF 1917-27 György Orth
10%
DF 1918-29 Károly Fogl
6%
No matching quizzes found
Score Distribution
Percent of People with Each Score
Percentile by Number Answered
Your Score History
You have not taken this quiz